LEADER 00796nam0 2200229 450 001 000014040 005 20181120125336.0 100 $a20080704d1963----km-y0itay50------ba 101 0 $aeng 102 $aNL 105 $ay-------000yy 200 1 $aAddendum to the exploitation and conservation of the resources of the sea$ea study of contemporary international law$fby F. V. Garcia Amador 210 $aLeyden$cSythoff$d1963 215 $ap. 215-240$d24 cm 421 0$1001000014038 676 $a341.225$v18 700 1$aGarcia-Amador,$bFrancisco V.$0410157 801 0$aIT$bUNIPARTHENOPE$c20080704$gRICA$2UNIMARC 912 $a000014040 951 $a341.225/103/A$b16352$cNAVA4 996 $aAddendum to the exploitation and conservation of the resources of the sea$91203330 997 $aUNIPARTHENOPE